Normal view
MARC view
Entry Topical Term
001 - CONTROL NUMBER
- control field: 65924
003 - CONTROL NUMBER IDENTIFIER
- control field: OSt
005 - DATE AND TIME OF LATEST TRANSACTION
- control field: 20260202100107.0
008 - FIXED-LENGTH DATA ELEMENTS
- fixed length control field: 260202|| aca||aabn | a|a d
040 ## - CATALOGING SOURCE
- Original cataloging agency: OSt
- Transcribing agency: OSt
150 ## - HEADING--TOPICAL TERM
- Topical term or geographic name entry element: History
- Geographic subdivision: Lower Myanmar
- Chronological subdivision: (1852-1885)
670 ## - SOURCE DATA FOUND
- Source citation: Work cat.: (OSt): Cho Cho Aung. 2010 4PhD(R)- Hist-10. 65923, Administration in Lower Myanmar ( 1852-1885) /, 2010.